Možnosti zvýšenia štandardnosti výroby konzumných vajec /

Hlavní autor: Halaj, Martin
Korporativní autor: Československo. Federální ministerstvo zemědělství a výživy
Další autoři: Chmelničná, Ľudmila
Jazyk: Slovenština
Vydáno: [Praha] : Pobočka Ústavu vědeckotechn. inf. pro zeměd., 1983
Edice: Metodiky pro zavádění výsledků výzkumu do praxe
Témata:
Fyzický popis: 26 s. : tb. ; 20 cm
Knihy
Uloženo v:
LEADER 01352nam a2200337 a 4500
001 000542496
003 CZ BrMZK
005 20170315093521.0
007 ta
008 840627s1983 xr e f 000 slo d
020 |q (Brož.) 
040 |a BOA001  |b cze 
072 7 |a 637  |x Živočišné produkty  |2 Konspekt  |9 24 
080 |a 637.4  |2 MRF 
080 |a 663/664  |2 MRF 
080 |a (036)  |2 MRF 
100 1 |a Halaj, Martin  |7 jx20040812005  |4 aut 
245 1 0 |a Možnosti zvýšenia štandardnosti výroby konzumných vajec /  |c Martin Halaj ; Ľudmila Chmelničná 
260 |a [Praha] :  |b Pobočka Ústavu vědeckotechn. inf. pro zeměd.,  |c 1983 
300 |a 26 s. :  |b tb. ;  |c 20 cm 
490 1 |a Metodiky pro zavádění výsledků výzkumu do praxe ;  |v 20/1983 
500 |a Bibliogr. - Souhrn rus., angl. - Rozmn. - Vydavatel: federální MZVž 
650 0 7 |a vejce  |7 ph127007  |2 czenas 
650 0 7 |a potravinářská technologie  |7 ph115836  |2 czenas 
655 7 |a informační publikace  |7 fd132454  |2 czenas 
700 1 |a Chmelničná, Ľudmila  |4 aut 
710 1 |a Československo.  |b Federální ministerstvo zemědělství a výživy  |7 ko2004253010 
830 0 |a Metodiky pro zavádění výsledků výzkumu do praxe 
910 |a BOA001  |b X-0874.731 
990 |a BK 
996 6 |b 2619720294  |c X-0874.731  |l MZK  |r Sklad / do 24 hodin  |n 2  |w 000542496  |u 000010  |a 1  |e BOA001  |j MZK50  |s P